Computer Aided Drafting And Modeling Lab (Record no. 224143)
[ view plain ]
| 000 -LEADER | |
|---|---|
| fixed length control field | 00502nam a2200169Ia 4500 |
| 008 - FIXED-LENGTH DATA ELEMENTS--GENERAL INFORMATION | |
| fixed length control field | 230714s9999 xx 000 0 und d |
| 020 ## - INTERNATIONAL STANDARD BOOK NUMBER | |
| International Standard Book Number | 9790000000000 |
| 041 ## - LANGUAGE CODE | |
| Language code of text/sound track or separate title | eng |
| 082 ## - DEWEY DECIMAL CLASSIFICATION NUMBER | |
| Classification number | 670.28'54 |
| Item number | VEN |
| 100 ## - MAIN ENTRY--PERSONAL NAME | |
| Personal name | Venugopal K. |
| 245 ## - TITLE STATEMENT | |
| Title | Computer Aided Drafting And Modeling Lab |
| 260 ## - PUBLICATION, DISTRIBUTION, ETC. (IMPRINT) | |
| Date of publication, distribution, etc. | 2017 |
| Name of publisher, distributor, etc. | Scitech Publications |
| 300 ## - PHYSICAL DESCRIPTION | |
| Extent | 465 |
| 365 ## - TRADE PRICE | |
| Currency code | Rs. |
| Price amount | 450.00 |
| 700 ## - ADDED ENTRY--PERSONAL NAME | |
| Personal name | Venugopal K.; Prabhu Raja V. & Sreekanjana G. |
| 9 (RLIN) | 201112 |
| 906 ## - LOCAL DATA ELEMENT F, LDF (RLIN) | |
| d | O:0612119-Sep-2018B:463320-Aug-2018 |
| c | MECH |
| b | 1125 |
No items available.